000 02588nam a2200253Ia 4500
999 _c30740
_d30740
003 CO-CtgCURN
005 20250409212017.0
008 220303s9999 xx 000 0 und d
020 _a9789587950809
040 _aCO-CtgCURN
_bspa
_ccoctgcurn
082 _a346.02
_bV477e
100 _aVerbel Flórez, Eustorgio Felipe
_eautor
_98436
245 0 _aLa ejecución y el cumplimiento de los contratos /
_cEustorgio Felipe Verbel Flórez
260 _aBogotá, Colombia :
_bLeyer,
_c2020
300 _a280 páginas ;
_c23 centímetros
500 _aIncluye índice
504 _aIncluye referencias bibliográficas
505 _aCap.1. Clasificación de los contratos -- Cap.2. Estudio de las clasificaciones del contrato -- Cap.3. Estructura del contrato -- Cap.4. Elementos constitutivos o estructurales del contrato -- Cap.5. Efectos del contrato -- Tit.2. La ejecución contractual -- Cap.1. Generalidades -- Cap.2. La ejecución del contrato -- Cap.3. Ejecución de la prestación -- Cap.4. Ejecución de la prestación por un tercero -- Tit.3. El cumplimiento contractual -- Cap.1. El cumplimiento del contrato -- Cap.2. Cumplimiento de las obligaciones -- Cap.3. Cumplimiento del contrato por la ejecución de la prestación -- Cap.4. El incumplimiento en la ejecución de la prestación y el cumplimiento contractual -- Cap.5. Inejecución de la prestación -- Cap.6. Tabla de cumplimiento de la prestación -- Cap.7. Indebida ejecución de la prestación -- Cap.8. Insatisfacción de la prestación -- Tít.4. De la ejecución a la responsabilidad -- Cap.1. Visión general de la responsabilidad -- Cap.2. Concepto de responsabilidad -- Cap.3.Elementos de la responsabilidad -- Cap.4. Clases de responsabilidad -- Cap.5. La responsabilidad y la responsabilidad -- Cap.6. De la ejecución de la prestación al cumplimiento contractual -- Cap.7. De la ejecución de la prestación al incumplimiento del contrato -- Cap.8. De la ejecución de la prestación en forma directa al incumplimiento del contrato Cap. 9. De la ejecución a la responsabilidad -- Cap.10.De la inejecución o indebida ejecución a la responsabilidad contractual -- Cap.11. Estructura de la responsabilidad contractual -- Cap.12. Confluencia de la responsabilidad contractual y extracontractual -- Cap.13. ¿Hay responsabilidad derivada por el incumplimiento de un deber?
521 _aAREA PROFESIONAL
590 _aPrograma de Derecho_18
650 _aContratos
_98437
_zColombia
942 _cBK
_h346.02
_iV477e
_2ddc